Country Shape Quiz #3 - One Minute Sprint - Statistics

General Stats
  • This quiz has been taken 85 times
  • The average score is 12 of 16
Answer Stats
Picture Answer % Correct
Germany
95%
Cyprus
91%
Somalia
86%
Sweden
84%
Thailand
83%
Croatia
79%
Bangladesh
77%
D.R. Congo
77%
Portugal
75%
Peru
73%
Chad
71%
Iran
71%
Ukraine
71%
Madagascar
70%
Haiti
69%
Mongolia
66%
No matching quizzes found
Score Distribution
Percent of People with Each Score
Percentile by Number Answered
Your Score History
You have not taken this quiz